000 00495nam a2200169Ia 4500
008 240729s9999 xx 000 0 und d
022 _a2667-3940
245 0 _aAdvances in Cancer Biology - Metastasis
260 _aNetherlands
260 _bElsevier
650 _a Internal medicine
650 _a Neoplasms. Tumors. Oncology. Including cancer and carcinogens
650 _aMedicine
856 _uhttps://doaj.org/toc/3014fc4bef2645bcb5494a313aa9dda2
942 _2ddc
942 _cDOAJEJ
999 _c70830
_d70830
945 _a1
_bMadushi Gamage
_c1
_dMadushi Gamage